Las finanzas del Siglo XX (Registro nro. 6777)

Detalles MARC
000 -LEADER
fixed length control field 00952 a2200193 4500
001 - CONTROL NUMBER
control field 59657
005 - DATE AND TIME OF LATEST TRANSACTION
control field 20260407155850.0
008 - FIXED-LENGTH DATA ELEMENTS--GENERAL INFORMATION
fixed length control field 260407a1964 arg spa d
003 - CONTROL NUMBER IDENTIFIER
control field AR-UNSa-BCEJYS
040 ## - CATALOGING SOURCE
Original cataloging agency AR-UNSa-BCEJYS
Language of cataloging spa
Transcribing agency AR-UNSa-BCEJYS
080 ## - UNIVERSAL DECIMAL CLASSIFICATION NUMBER
Universal Decimal Classification number 631.15
Common auxiliary subdivision Producción de la explotación agrícola. Gestión de la explotación agrícola. Administración de la explotación agrícola
100 1# - MAIN ENTRY--PERSONAL NAME
Personal name Ahumada, Guillermo
245 10 - TITLE STATEMENT
Title Las finanzas del Siglo XX
Name of part/section of a work otros ensayos
264 #1 - PRODUCTION, PUBLICATION, DISTRIBUTION, MANUFACTURE, AND COPYRIGHT NOTICE
Place of production, publication, distribution, manufacture Buenos Aires :
Name of producer, publisher, distributor, manufacturer EUDEBA (Editorial Universitaria de Buenos Aires)
Date of production, publication, distribution, manufacture, or copyright notice 1964
300 ## - PHYSICAL DESCRIPTION
Extent 87 p.
Dimensions 18 cm.
505 ## - FORMATTED CONTENTS NOTE
Formatted contents note 1. Las finanzas del siglo XX desde el punto de vista de la neutralidad fiscal - 2. Reforma o reformas agrarias - 3. Algunas contradicciones y obstáculos en el desarrollo - 4. La distribución de las rentas según Pareto y las conclusiones que se han querido sacar de su ley
590 ## - LOCAL NOTE (RLIN)
Local note niveau_biblio:m niveau_hierar:0
942 ## - ADDED ENTRY ELEMENTS (KOHA)
Koha item type
Existencias
Withdrawn status Lost status Damaged status Not for loan Home library Current library Shelving location Date acquired Total checkouts Full call number Barcode Date last seen Price effective from Koha item type
        Biblioteca Prof. Eusebio Cleto del Rey Biblioteca Prof. Eusebio Cleto del Rey   07/04/2026   631.15 A285 L33749 07/04/2026 07/04/2026 Libro